[Event "2nd North Urals Cup"]
[Site "Krasnoturinsk RUS"]
[Date "2004.08.01"]
[Round "9"]
[White "Matveeva,S"]
[Black "Zhukova,N"]
[Result "0-1"]
[WhiteElo "2482"]
[BlackElo "2475"]

1.d4 d5 2.c4 c6 3.Nf3 Nf6 4.Nc3 a6 5.c5 Nbd7 6.Bf4 Nh5 7.Bd2 Nhf6 8.b4 g6
9.Qc1 Bg7 10.Bh6 O-O 11.Bxg7 Kxg7 12.e3 Qc7 13.Be2 e5 14.O-O Re8 15.a4 exd4
16.exd4 Nf8 17.h3 Bf5 18.Re1 Ne6 19.Qd2 Ne4 20.Nxe4 dxe4 21.Ng5 Nf4 22.Bc4 Re7
23.f3 Rae8 24.fxe4 Bxe4 25.Rf1 Bd5 26.Bxd5 Nxd5 27.Rae1 f6 28.Nf3 Qg3 29.Rxe7+ Rxe7
30.Kh1 Nf4 31.Re1 Rd7 32.Re3 Nd5 33.Re4 h5 34.Re8 g5 35.Re4 Re7 36.Rxe7+ Nxe7
37.b5 axb5 38.axb5 Nd5 39.bxc6 bxc6 40.Qe2 Kf7 41.Nd2 Nf4 42.Qe4 Qd3 43.Qxd3 Nxd3
44.Ne4 Ke6 45.Kg1 Nb4 46.Kf2 Nc2 47.g4 h4 48.Ke2 Nxd4+ 49.Kd3 Nf3 50.Ke3 Ng1
51.Nf2 Kd5 52.Ne4 Nxh3 53.Nxf6+ Kxc5 54.Ke4 Kb4 55.Kd4  0-1

[Event "3rd Asean GM"]
[Site "Bangkok THA"]
[Date "2004.08.02"]
[Round "6"]
[White "Dao Thien Hai"]
[Black "Myo Naing"]
[Result "1/2-1/2"]
[WhiteElo "2583"]
[BlackElo "2477"]

1.d4 d5 2.c4 c6 3.Nc3 Nf6 4.Nf3 a6 5.e3 b5 6.b3 Bg4 7.Be2 e6 8.O-O Nbd7 9.Bb2 Bd6
10.h3 Bh5  1/2-1/2

[Event "Open Dutch Champ"]
[Site "Dieren NED"]
[Date "2004.08.05"]
[Round "9"]
[White "Pedersen,NV"]
[Black "Lemmers,O"]
[Result "1-0"]
[WhiteElo "2471"]
[BlackElo "2396"]

1.d4 d5 2.c4 c6 3.Nf3 Nf6 4.Nc3 a6 5.cxd5 cxd5 6.Bg5 e6 7.e3 Be7 8.Bd3 Nc6
9.O-O h6 10.Bf4 O-O 11.Rc1 Re8 12.Na4 Ne4 13.Bxe4 dxe4 14.Nd2 e5 15.dxe5 Bf5
16.Nc4 b5 17.Nd6 Bxd6 18.exd6 Nb4 19.Nc5 Nxa2 20.d7 Re7 21.Ra1 Nb4 22.Bd6 Nd3
23.Bxe7 Qxe7 24.Nxd3 exd3 25.e4 Be6 26.Qxd3 Bc4 27.Rxa6 Rd8 28.Qd6 Qxd6 29.Rxd6 Bxf1
30.Kxf1 f6 31.Ke2 Kf7 32.Ke3 Ke7 33.Rd5  1-0

[Event "Open Dutch Champ"]
[Site "Dieren NED"]
[Date "2004.08.05"]
[Round "9"]
[White "Mostertman,L"]
[Black "Dekker,Te"]
[Result "0-1"]
[WhiteElo "2102"]
[BlackElo "2069"]

1.d4 d5 2.c4 c6 3.Nf3 Nf6 4.Nc3 a6 5.a4 Bf5 6.Qb3 Bc8 7.a5 Nbd7 8.cxd5 cxd5
9.Nxd5 Nxd5 10.Qxd5 e6 11.Qb3 Nf6 12.e3 Bd6 13.Bd3 Bc7 14.Bd2 Rb8 15.O-O O-O
16.Rfc1 Bd7 17.Ne5 Bxe5 18.dxe5 Ng4 19.h3 Nxe5 20.f4 Nxd3 21.Qxd3 Bc6 22.Qxd8 Rfxd8
23.Bc3 Rd3 24.Kf2 Rbd8 25.g4 f6 26.h4 Kf7 27.Re1 R8d5 28.e4 Rd7 29.Re3 Rd1
30.Rxd1 Rxd1 31.h5 h6 32.e5 Rh1 33.Rg3 Be4 34.Ke3 f5 35.Kd4 Rd1+ 36.Kc5 Rf1
37.g5 Rh1 38.g6+ Ke7 39.Kb6 Rc1 40.Bb4+ Ke8 41.Bd6 Rc2 42.Rb3 Bd5 43.Rb4 Rh2
44.Kc7 Rxh5 45.Rxb7 Bxb7 46.Kxb7 Rh2 47.b4 h5 48.Kxa6 h4 49.Kb7 h3 50.a6 Ra2
51.Bc7 Rxa6 52.Kxa6 h2 53.b5 h1=Q 54.Ka7 Kd7 55.b6 Kc8  0-1

[Event "Open"]
[Site "Kavala GRE"]
[Date "2004.08.05"]
[Round "7"]
[White "Banikas,H"]
[Black "Vysochin,S"]
[Result "1/2-1/2"]
[WhiteElo "2519"]
[BlackElo "2599"]

1.d4 d5 2.c4 c6 3.Nf3 Nf6 4.Nc3 a6 5.e3 e6 6.b3 Bb4 7.Bd2 Nbd7 8.Bd3 O-O
9.O-O Qe7 10.Qc2 e5 11.dxe5 Nxe5 12.Nxe5 Qxe5 13.Nxd5 Nxd5 14.cxd5 Bxd2 15.Qxd2  1/2-1/2

[Event "HZ Open"]
[Site "Vlissingen NED"]
[Date "2004.08.08"]
[Round "2"]
[White "Werle,J"]
[Black "Hammer,J"]
[Result "1-0"]
[WhiteElo "2449"]
[BlackElo "2095"]

1.Nf3 Nf6 2.c4 c6 3.d4 d5 4.Nc3 a6 5.c5 Nbd7 6.Bf4 Nh5 7.e3 Nxf4 8.exf4 b6
9.cxb6 Qxb6 10.Qd2 Rb8 11.b3 e6 12.Bd3 Bb4 13.O-O c5 14.dxc5 Qxc5 15.Rac1 d4
16.Na4 Bxd2 17.Nxc5 Bxc1 18.Nxd7 Bxd7 19.Rxc1 Bb5 20.Bxb5+ axb5 21.Nxd4 Kd7
22.Rd1 Kc7 23.g3 Rhd8 24.Rc1+ Kb6 25.Nf3 Rbc8 26.Re1 Rc2 27.a4 b4 28.Ne5 Rc3
29.Nxf7 Rd5 30.Rxe6+ Ka5 31.Nd6 Rxb3 32.Nc4+ Kxa4 33.Nb6+ Ka3 34.Nxd5 Rd3
35.Nxb4 Kxb4 36.Re7  1-0

[Event "HZ Open"]
[Site "Vlissingen NED"]
[Date "2004.08.10"]
[Round "5"]
[White "Ikonnikov,Vy"]
[Black "Schandorff,L"]
[Result "1/2-1/2"]
[WhiteElo "2543"]
[BlackElo "2496"]

1.d4 d5 2.Nf3 Nf6 3.c4 c6 4.Nc3 a6 5.c5 Nbd7 6.Bf4 Nh5 7.Bg5 h6 8.Bd2 Nhf6
9.Qc2 Qc7 10.e3 e5 11.Be2 g6 12.O-O Bg7 13.Na4 Ne4 14.Bb4 exd4 15.exd4 O-O
16.Bd3 Re8 17.Rae1 f5 18.Qd1 Rb8 19.Bc2 Qd8 20.Bc3 Ndf6 21.Nd2 Be6 22.Nb3 Nxc3
23.bxc3 Qc7 24.Nb2 Bf7 25.Nd3 Nd7 26.f4 Rxe1 27.Rxe1 Re8 28.Ne5 Nf6 29.Bd3 Ne4
30.Qc2 g5 31.Nxf7 Qxf7 32.fxg5 hxg5 33.g4 Qd7 34.gxf5 Qxf5 35.Qg2 Qf4 36.Nd2 Nf6
37.Rxe8+ Nxe8 38.Qe2 Nf6 39.Qe6+ Kf8 40.Bg6 Qg4+ 41.Qxg4 Nxg4 42.Bf5 Ne3
43.Bc8 Nd1 44.Nb1 Nxc3 45.Nxc3 Bxd4+ 46.Kf1 Bxc3 47.Bxb7  1/2-1/2

[Event "HZ Open"]
[Site "Vlissingen NED"]
[Date "2004.08.12"]
[Round "7"]
[White "Riedel,Ho"]
[Black "Schandorff,L"]
[Result "0-1"]
[WhiteElo "2272"]
[BlackElo "2496"]

1.d4 d5 2.c4 c6 3.Nf3 Nf6 4.Nc3 a6 5.e3 b5 6.cxd5 cxd5 7.Bd3 e6 8.Ne5 Be7
9.O-O O-O 10.f4 Bb7 11.Qf3 Nbd7 12.f5 exf5 13.Bxf5 Nb6 14.g4 g6 15.Bd3 b4
16.Ne2 Ne4 17.Qg2 Bd6 18.Nf3 Qe7 19.Nf4 Rac8 20.Qe2 a5 21.Bd2 Nxd2 22.Nxd2 Nc4
23.Nxd5 Bxd5 24.Nxc4 Bxh2+ 25.Qxh2 Bxc4 26.Qe2 Bxd3 27.Qxd3 Rfe8 28.Rae1 Qh4
29.Re2 Qxg4+ 30.Rg2 Qe4 31.Qxe4 Rxe4 32.Rf3 Rc1+ 33.Kh2 Re1 34.Rgf2 f5 35.Rd2 R1xe3
36.Rxe3 Rxe3 37.d5 Kf7 38.d6 Ke8 39.Rd5 a4 40.Rd4 Re4  0-1

[Event "HZ Open"]
[Site "Vlissingen NED"]
[Date "2004.08.14"]
[Round "9"]
[White "Mchedlishvili,M"]
[Black "Schandorff,L"]
[Result "1/2-1/2"]
[WhiteElo "2518"]
[BlackElo "2496"]

1.d4 d5 2.c4 c6 3.Nf3 Nf6 4.Nc3 a6 5.a4 e6 6.Bg5 Nbd7 7.a5 dxc4 8.e3 b5 9.axb6 Qxb6
10.Qc2 Rb8 11.Bxc4 Qxb2 12.Qxb2 Rxb2 13.Na4 Rb8 14.O-O Bb4 15.Bf4 Ra8 16.Ne5 Nxe5
17.Bxe5 Ke7 18.Nb6 Ra7 19.Nxc8+ Rxc8 20.Rxa6 Rd7 21.Bb3 Bd6  1/2-1/2

[Event "HZ Open"]
[Site "Vlissingen NED"]
[Date "2004.08.14"]
[Round "9"]
[White "Pedersen,NV"]
[Black "Sminia,J"]
[Result "1-0"]
[WhiteElo "2471"]
[BlackElo "2103"]

1.d4 d5 2.c4 c6 3.Nc3 Nf6 4.Nf3 a6 5.cxd5 cxd5 6.Bg5 e6 7.e3 Nc6 8.Bd3 Be7
9.O-O b5 10.Qe2 Bb7 11.a4 b4 12.Nb1 Ne4 13.Bxe7 Nxe7 14.Nbd2 O-O 15.a5 Qd6
16.Rac1 Rfc8 17.Nb3 f6 18.Bxe4 dxe4 19.Nfd2 Bd5 20.Rxc8+ Nxc8 21.Rc1 Qd8
22.Ra1 Nd6 23.Nc5 Qc8 24.Ra4 Nb7 25.Ndb3 Nxc5 26.Nxc5 b3 27.Rb4 Qc7 28.Rb6 e5
29.Qd2 exd4 30.exd4 Rd8 31.Qe3 f5 32.g3 Bc4 33.Nxb3 Qf7 34.Qg5 Rc8 35.Nc5 h6
36.Rxh6 Re8 37.Rd6 Bb5 38.b3 Qc7 39.Rb6 Qd8 40.Qxd8 Rxd8 41.Nxa6  1-0

[Event "HZ Open"]
[Site "Vlissingen NED"]
[Date "2004.08.14"]
[Round "9"]
[White "Koster,R"]
[Black "Hammer,J"]
[Result "1/2-1/2"]
[WhiteElo "2279"]
[BlackElo "2095"]

1.d4 d5 2.Nf3 Nf6 3.c4 c6 4.Nc3 a6 5.e3 b5 6.b3 Bg4 7.h3 Bxf3 8.gxf3 e6 9.f4 Bb4
10.Bd2 Bxc3 11.Bxc3 Ne4 12.Qc2 Nd7 13.Bd3 Nxc3 14.Qxc3 O-O 15.e4 f5 16.h4 a5
17.O-O-O Qc7 18.Qd2 Nf6 19.a3 Nxe4 20.Qc2 Kh8 21.Rdg1 Rf7 22.Rg2 a4 23.b4 Rg8
24.Qe2 Qd7 25.Kc2 Nf6 26.Rhg1 g6 27.Qe1 Rfg7 28.Kc3 Ne4+ 29.Kc2 Nf6 30.Be2 Qe7
31.Rh1 Nh5 32.Qd1 Nf6 33.Qg1 Nh5 34.Rhh2 Nf6 35.Bf3 Qd7 36.Rh3 Ne4 37.Be2 Nf6
38.Rh1 Ne4 39.Bd3 Nf6 40.Qh2 Nh5 41.Rhg1 Nf6 42.Be2 Nh5 43.Qh3 Nf6 44.Qh1 Nh5
45.Rg5 Qf7 46.Bf3 Nf6 47.Qh3 Nh5 48.Qf1 Nf6 49.Be2 Ne4 50.R5g2 Nf6 51.Rh1 Nh5
52.Kd1 Qe8 53.Ke1 Qf7 54.Qg1 Qe8 55.Qh2 Qf7 56.Kf1 Qe8 57.Rhg1 Qf7 58.Bf3 Qe8
59.Rg5 Qf7 60.Ke2 Qe8 61.Bxh5 gxh5 62.Rxg7 Rxg7 63.Rxg7 Kxg7 64.Qg3+ Qg6
65.Qg5 h6 66.Qe7+ Kh8 67.Qd8+ Qg8 68.Qf6+ Kh7 69.Qe7+ Kh8 70.Qd7 Qg4+ 71.Ke1 Qg1+
72.Ke2 Qg4+ 73.Ke1  1/2-1/2

[Event "14th Open"]
[Site "Abu Dhabi UAE"]
[Date "2004.08.17"]
[Round "4"]
[White "Gleizerov,E"]
[Black "Anastasian,A"]
[Result "1/2-1/2"]
[WhiteElo "2539"]
[BlackElo "2571"]

1.d4 d5 2.c4 c6 3.Nf3 Nf6 4.Nc3 a6 5.Ne5 Nbd7 6.Bf4 dxc4 7.Nxc4 b5 8.Ne5 Bb7
9.e3 e6 10.Be2 c5 11.O-O cxd4 12.exd4 Bb4 13.a4 Bxc3 14.bxc3 Nd5 15.Qd2 bxa4
16.Bf3 Ra7 17.Nc4 O-O 18.Bd6 Ne7 19.Bxb7 Rxb7 20.Rfb1 Rb5 21.Qc2 Re8 22.Bb4 Nf5
23.Qxa4 Qc8 24.Ne3 Nxe3 25.fxe3 Nb6  1/2-1/2

[Event "ch-ESP Semi-Final"]
[Site "Seville ESP"]
[Date "2004.08.18"]
[Round "1"]
[White "Illescas Cordoba,M"]
[Black "Fernandez Romero,Ern"]
[Result "1-0"]
[WhiteElo "2618"]
[BlackElo "2423"]

1.d4 d5 2.c4 c6 3.Nf3 Nf6 4.Nc3 a6 5.c5 Nbd7 6.Bf4 Nh5 7.Bd2 Nhf6 8.Bf4 Nh5
9.e3 f6 10.Bg3 g6 11.e4 dxe4 12.Nxe4 Qa5+ 13.Nc3 b6 14.Bc7 Nxc5 15.dxc5 Qxc5
16.Qd8+ Kf7 17.Bxb6 Qb4 18.Qd4 Qxb2 19.Rb1 Qa3 20.Bc4+ Kg7 21.O-O e5 22.Nxe5 fxe5
23.Qxe5+ Nf6 24.Ne4  1-0

[Event "54th ch-HUN"]
[Site "Budapest HUN"]
[Date "2004.08.19"]
[Round "1"]
[White "Flumbort,A"]
[Black "Gyimesi,Z"]
[Result "1/2-1/2"]
[WhiteElo "2493"]
[BlackElo "2618"]

1.d4 d5 2.Nf3 Nf6 3.c4 c6 4.Nc3 a6 5.e3 b5 6.b3 Bg4 7.Be2 e6 8.O-O Nbd7 9.h3 Bf5
10.Bd3 Bb4 11.Bb2 O-O 12.Bxf5 exf5 13.cxd5 cxd5 14.Qd3 g6 15.a4 bxa4 16.Nxa4 Qb8
17.Ne5 Rc8 18.Nxd7 Nxd7 19.Nc5 Bxc5 20.dxc5 Rxc5 21.Rxa6 Rxa6 22.Qxa6 Qxb3
23.Bd4 Rc7 24.Ra1 Qb8 25.Qa5 Rb7 26.Qxd5 Rb1+ 27.Rxb1 Qxb1+ 28.Kh2  1/2-1/2

[Event "Open"]
[Site "Vladimir RUS"]
[Date "2004.08.19"]
[Round "2"]
[White "Prizant,Ja"]
[Black "Lastin,A"]
[Result "1-0"]
[WhiteElo "2469"]
[BlackElo "2611"]

1.d4 d5 2.c4 c6 3.Nf3 Nf6 4.Nc3 a6 5.Ne5 Nbd7 6.Bf4 dxc4 7.Nxc4 b5 8.Ne5 Bb7
9.e3 e6 10.Be2 Be7 11.O-O O-O 12.Bf3 Qb6 13.Ne4 Rad8 14.Qc2 Nxe4 15.Bxe4 Nf6
16.Bg5 h6 17.Bxf6 Bxf6 18.Nd3 Rd6 19.f4 a5 20.Rac1 b4 21.Ne5 Qc7 22.Qe2 Rc8
23.Rc5 Qd8 24.Rfc1 Be7 25.Kh1 Ra8 26.Bxc6 Bxc6 27.Nxc6 Qe8 28.Nxe7+ Qxe7
29.Qf3 Rdd8 30.h3 a4 31.Kh2 Rf8 32.Rc7 Qh4 33.g3 Qf6 34.Qe4 Rab8 35.R1c5 Qd8
36.Qc6 Ra8 37.Kg2 Qf6 38.Qe4 Qd8 39.Qe5 Ra6 40.Kf3 Rb6 41.Ra7 a3 42.b3 Rd6
43.Rac7 Qa8+ 44.Qe4 Rd5 45.Rc4 Qa6 46.Kf2 g6 47.Qc2 Qb6 48.R4c6  1-0

[Event "Open"]
[Site "Vladimir RUS"]
[Date "2004.08.22"]
[Round "5"]
[White "Truskavetsky,A"]
[Black "Fazulyanov,S"]
[Result "1/2-1/2"]
[WhiteElo "2387"]
[BlackElo "2208"]

1.d4 d5 2.c4 c6 3.Nf3 Nf6 4.Nc3 a6 5.e3 b5 6.b3 Bg4 7.Be2 Nbd7 8.O-O e6 9.h3 Bh5
10.Bb2 Bd6 11.Ne5 Bxe2 12.Nxe2 Qc7 13.cxd5 cxd5 14.Rc1 Qb8 15.Nxd7 Nxd7 16.e4 O-O
17.e5 Be7 18.f4 Qb6 19.Kh1 f5 20.exf6 Nxf6 21.Ng3 Bd6 22.Rc2 Rae8 23.Qc1 Qb8
24.Qe3 b4 25.Bc1 g5 26.Qe2 gxf4 27.Nh5 Nxh5 28.Qxh5 Re7 29.Rcf2 Qe8 30.Qh4 Ref7
31.Bxf4 Bxf4 32.Rxf4 Rxf4 33.Rxf4 Rxf4 34.Qxf4 Qb5 35.Qf6 Qe2 36.Kh2 h6 37.Kg3 Kh7
38.Kh4 Qxa2 39.Qe7+ Kh8 40.Qf8+ Kh7 41.Kh5 Qxg2 42.Qxh6+ Kg8 43.Qxe6+ Kf8
44.Qf6+  1/2-1/2

[Event "Open"]
[Site "Vladimir RUS"]
[Date "2004.08.25"]
[Round "8"]
[White "Rychagov,A"]
[Black "Zakhartsov,V"]
[Result "1/2-1/2"]
[WhiteElo "2512"]
[BlackElo "2521"]

1.d4 d5 2.c4 c6 3.Nf3 Nf6 4.Nc3 a6 5.Ne5 Nbd7 6.Bf4 dxc4 7.Nxc4 b5 8.Ne5 Bb7
9.e3 e6 10.Be2 c5 11.Bf3 Bxf3 12.Qxf3 cxd4 13.Ne4 Bb4+ 14.Kf1 Nxe5 15.Bxe5 Nxe4
16.Qxe4 O-O 17.Bxd4 Be7 18.Ke2 Bf6 19.Rhd1 Bxd4 20.Rxd4 Qc7 21.g3 Rad8 22.Rad1  1/2-1/2

[Event "Paks Cup IM"]
[Site "Paks HUN"]
[Date "2004.08.30"]
[Round "10"]
[White "Bagonyai,A"]
[Black "Szuhanek,R"]
[Result "0-1"]
[WhiteElo "2383"]
[BlackElo "2414"]

1.d4 d5 2.Nf3 c6 3.c4 Nf6 4.Nc3 a6 5.Ne5 dxc4 6.Nxc4 b5 7.Ne5 Bb7 8.Bf4 e6
9.a3 c5 10.dxc5 Qxd1+ 11.Rxd1 Bxc5 12.b4 Be7 13.f3 Nbd7 14.Nxd7 Nxd7 15.e4 Bh4+
16.Kd2 Rc8 17.Bd3 Bf6 18.Rc1 Ne5 19.Bxe5 Bxe5 20.Ne2 O-O 21.Rxc8 Rxc8 22.h3 g6
23.Rc1 Rxc1 24.Kxc1 f5 25.Kc2 Kf7 26.exf5 gxf5 27.Kb3 Bd5+ 28.Kc2 Kf6 29.f4 Bc7
30.g4 Bg2 31.gxf5 exf5 32.h4 Bb6 33.Kd2 Bf2 34.Nc3 Bxh4 35.a4 bxa4 36.Nxa4 Bg3
37.Ke3 h5 38.Be2 h4 39.Bf3 h3 40.Nc5 Bxf3 41.Kxf3 Bxf4 42.Nxa6 Bd6 43.b5 f4  0-1

[Event "ch-CAN Playoff"]
[Site "Toronto CAN"]
[Date "2004.08.30"]
[Round "3"]
[White "Bluvshtein,M"]
[Black "Zugic,I"]
[Result "1/2-1/2"]
[WhiteElo "2462"]
[BlackElo "2465"]

1.d4 d5 2.c4 c6 3.Nf3 Nf6 4.Nc3 a6 5.cxd5 cxd5 6.Bf4 Nc6 7.Rc1 e6 8.Ne5 Bd6
9.Nxc6 bxc6 10.Bxd6 Qxd6 11.Qd2 O-O 12.e3 c5 13.dxc5 Qxc5 14.Ne4 Qe7 15.Nxf6+ Qxf6
16.Be2 Bd7 17.O-O Bb5 18.Rc5 Bxe2 19.Qxe2 a5 20.a4 Rfb8 21.Rfc1 h6 22.Rb5 Rxb5
23.Qxb5 Qd8 24.g3 Rb8 25.Qa6 Qb6 26.Rc8+ Kh7 27.Qd3+ f5 28.Rxb8 Qxb8 29.Qb5 Qc7
30.Qa6 Qe5 31.h4 Qxb2 32.Qxe6 Qb1+ 33.Kg2 Qe4+ 34.Qxe4 dxe4 35.g4 Kg6 36.Kg3 Kf6
37.Kf4 g5+ 38.Kg3 Kg6 39.hxg5 hxg5 40.gxf5+ Kxf5 41.Kh3 Kf6 42.Kg4  1/2-1/2

[Event "TCh-CRO"]
[Site "Rabac CRO"]
[Date "2004.09.05"]
[Round "1"]
[White "Zaja,I"]
[Black "Kuljasevic,D"]
[Result "1-0"]
[WhiteElo "2452"]
[BlackElo "2413"]

1.d4 d5 2.c4 c6 3.Nf3 Nf6 4.Nc3 a6 5.cxd5 cxd5 6.Bf4 Nc6 7.Rc1 Bf5 8.Ne5 Rc8
9.e3 Nxe5 10.dxe5 Ne4 11.Nxe4 Rxc1 12.Qxc1 Bxe4 13.e6 Qa5+ 14.Ke2 fxe6 15.f3 e5
16.Bxe5 Bf5 17.a3 Kf7 18.Qd2 Qxd2+ 19.Kxd2 Ke6 20.f4 Rg8 21.Be2 g5 22.g4 Be4
23.Rc1 Bg7 24.Bxg7 Rxg7 25.fxg5 Rxg5 26.Rc7 d4 27.exd4 Kd6 28.Rc8 Rg6 29.h4 h6
30.Rf8 Bc6 31.h5 Rf6 32.Rg8 Be4 33.g5 hxg5 34.Rxg5 Rh6 35.Ke3 Bb1 36.Bf3 b6
37.Be4 Bxe4 38.Kxe4 e6 39.Kf4 Rh8 40.Kg4 Ke7 41.Rg7+ Kf6 42.Rg6+ Kf7 43.Kg5 Rd8
44.Rf6+ Ke7 45.h6 Rd5+ 46.Kg6 Rxd4 47.Rf7+ Kd6 48.h7 Rh4 49.Rf8  1-0

[Event "zt2.3.c2"]
[Site "San Jose CRC"]
[Date "2004.09.06"]
[Round "3"]
[White "Ugalde,R"]
[Black "Arias,Le"]
[Result "0-1"]
[WhiteElo "2165"]
[BlackElo "2303"]

1.d4 d5 2.Nf3 Nf6 3.c4 c6 4.Nc3 a6 5.e3 e6 6.Ne5 Nbd7 7.Nxd7 Bxd7 8.Bd3 dxc4
9.Bxc4 b5 10.Bd3 c5 11.dxc5 Bxc5 12.O-O O-O 13.Ne4 Be7 14.Qe2 Bc6 15.Nxf6+ Bxf6
16.Bxh7+ Kxh7 17.Qc2+ Kg8 18.Qxc6 Qd3 19.Qf3 Rfd8 20.e4 Rac8 21.Qg4 Rc4 22.Re1 Rxe4
23.Bf4 Rdd4 24.Rec1 Rxf4 25.Rc8+ Bd8  0-1

[Event "1st Kalamaria Open"]
[Site "Thessaloniki GRE"]
[Date "2004.09.06"]
[Round "4"]
[White "Iotov,V"]
[Black "Belov,Vl"]
[Result "0-1"]
[WhiteElo "2417"]
[BlackElo "2532"]

1.d4 d5 2.Nf3 Nf6 3.c4 c6 4.Nc3 a6 5.c5 Nbd7 6.Bf4 Nh5 7.Bd2 Nhf6 8.b4 g6
9.h3 Bg7 10.Bf4 O-O 11.e3 a5 12.b5 Ne4 13.Na4 e5 14.Nxe5 Nxe5 15.dxe5 Qh4
16.Qc2 g5 17.Bh2 Nxf2 18.Qxf2 Qxa4 19.Bd3 Qb4+ 20.Qd2 Qxc5 21.O-O Qe7 22.bxc6 bxc6
23.Qc3 Ba6 24.Bxa6 Rxa6 25.Rf5 h6 26.Raf1 c5 27.Qd3 Qb7 28.Rb1 Qc6 29.Rd1 Qe6
30.Rf2 c4 31.Qxd5 Rc8 32.Rc2 c3 33.Bg3 a4 34.Qd4 Qc4 35.Rdc1 Rac6 36.Be1 Qe6
37.Bg3 a3 38.Rb1 h5 39.Rb5 Qg6 40.e4 Rc4 41.Qd3 h4 42.Bf2 Qxe4 43.Rxc3 Qxd3
44.Rxd3 Rc1+ 45.Kh2 R1c2 46.Bd4 Rd8 47.e6 Rxd4 48.Rxd4 Bxd4 49.Rb8+ Kg7 50.e7 Be5+
51.Kg1 Bg3 52.Rg8+ Kf6 53.Kf1 Rf2+  0-1

[Event "8th WUCC"]
[Site "Instanbul TUR"]
[Date "2004.09.08"]
[Round "6"]
[White "Jobava,Ba"]
[Black "Svetushkin,D"]
[Result "1/2-1/2"]
[WhiteElo "2615"]
[BlackElo "2546"]

1.d4 d5 2.c4 c6 3.Nc3 Nf6 4.Nf3 a6 5.a4 e6 6.g3 dxc4 7.Bg2 c5 8.O-O Nc6 9.Ne5 Na5
10.dxc5 Qxd1 11.Rxd1 Nd7 12.Bf4 Bxc5  1/2-1/2

[Event "TCh-SCG 2nd Liga"]
[Site "Sutomore SCG"]
[Date "2004.09.11"]
[Round "2"]
[White "Lakic,N"]
[Black "Dragasevic,S"]
[Result "1/2-1/2"]
[WhiteElo "2313"]
[BlackElo "2308"]

1.d4 d5 2.Nf3 Nf6 3.c4 c6 4.Nc3 a6 5.b3 b5 6.e3 Bg4 7.Be2 e6 8.O-O Be7 9.Bb2 O-O
10.Ne5 Bxe2 11.Qxe2 Nfd7 12.Nxd7 Nxd7 13.e4 bxc4 14.bxc4 Nb6 15.cxd5 cxd5
16.Rad1 Qd7 17.Ba1 Rfc8 18.Rd3 Rc4 19.Rb1 Rb4 20.Rbd1 Rc8 21.Rh3 Rbc4 22.Qh5 h6
23.exd5 Nxd5 24.Nxd5 Qxd5 25.Qxd5 exd5 26.Bb2 Ra4 27.a3 Rb8 28.Bc1 Rb1 29.Rhd3 Rc4
30.Be3 Rxd1+ 31.Rxd1 Bxa3 32.Ra1 Rb4 33.Kf1 Rb3 34.Bd2 f6 35.Ke2 Bb2 36.Rxa6 Bxd4  1/2-1/2

[Event "TCh-SCG 2nd Liga"]
[Site "Sutomore SCG"]
[Date "2004.09.12"]
[Round "4"]
[White "Lakic,N"]
[Black "Darmanovic,S"]
[Result "1/2-1/2"]
[WhiteElo "2313"]
[BlackElo "2186"]

1.d4 d5 2.Nf3 Nf6 3.c4 c6 4.Nc3 a6 5.b3 b5 6.h3 Bf5 7.e3 e6 8.a3 Nbd7 9.Bd3 Qa5
10.Bxf5 exf5 11.Bd2 bxc4 12.bxc4 dxc4 13.O-O Be7 14.Qc2 O-O 15.Na4 Qd5 16.Rfc1 Ne4
17.Be1 g5 18.Qxc4 g4 19.hxg4 fxg4 20.Qxd5 cxd5 21.Rc7 Rad8 22.Ne5 Nxe5 23.dxe5 Bg5
24.Kf1 Rb8 25.Bb4 Rfe8 26.f4 Ng3+ 27.Kg1 Bd8 28.Rd7 a5 29.Be1 Nf5 30.Bd2 Rb3
31.Kf2 Bh4+ 32.Ke2 Ng3+ 33.Kd1  1/2-1/2

[Event "FSGM September"]
[Site "Budapest HUN"]
[Date "2004.09.15"]
[Round "12"]
[White "Seres,L"]
[Black "Erdos,V"]
[Result "1/2-1/2"]
[WhiteElo "2448"]
[BlackElo "2454"]

1.d4 Nf6 2.c4 c6 3.Nf3 d5 4.Nc3 a6 5.e3 b5 6.b3 Bg4 7.Be2 e6 8.O-O Nbd7 9.Bb2 Bd6
10.h3 Bh5 11.Ne5 Bxe2 12.Nxe2 Qc7 13.cxd5 cxd5 14.Rc1 Qb8 15.Nxd7 Nxd7 16.Rc6 O-O
17.Qc2 Rc8 18.Rc1 Rxc6 19.Qxc6 Nb6 20.Bc3 b4 21.Bd2 Ra7  1/2-1/2

[Event "HUN-GER Match"]
[Site "Budapest HUN"]
[Date "2004.09.16"]
[Round "1"]
[White "Gustafsson,J"]
[Black "Ruck,R"]
[Result "1-0"]
[WhiteElo "2611"]
[BlackElo "2575"]

1.d4 d5 2.c4 c6 3.Nf3 Nf6 4.Nc3 a6 5.a4 e6 6.Bg5 Nbd7 7.Qc2 Be7 8.e3 O-O
9.Bd3 h6 10.Bh4 c5 11.O-O b6 12.cxd5 exd5 13.Ne5 Bb7 14.f4 Ne8 15.Bxe7 Qxe7
16.Qf2 Nd6 17.Rad1 c4 18.Be2 Nf6 19.Bf3 b5 20.a5 Qc7 21.g4 Nfe4 22.Bxe4 dxe4
23.f5 f6 24.Ng6 Rf7 25.Qf4 Rd8 26.d5 Qxa5 27.Nxe4 Qb6 28.Nxd6 Qxd6 29.Qxd6 Rxd6
30.e4 Rc7 31.Kf2 Kf7 32.Ke3 Ke8 33.Kd4 Rd8 34.Nf4 Rcc8 35.Ne6 Rd7 36.Ra1 Ra8
37.Ra5 Bc8 38.Rfa1 Rda7 39.Nc5 Ke7 40.e5 fxe5+ 41.Kxe5 Kf7 42.d6 Rb8 43.Rd1 Bb7
44.d7 Ke7 45.Ne6 Raa8 46.Nxg7  1-0

[Event "HUN-GER Match"]
[Site "Budapest HUN"]
[Date "2004.09.20"]
[Round "5"]
[White "Ruck,R"]
[Black "Dautov,R"]
[Result "1/2-1/2"]
[WhiteElo "2575"]
[BlackElo "2624"]

1.Nf3 Nf6 2.c4 c6 3.d4 d5 4.Nc3 a6 5.a4 e6 6.g3 dxc4 7.Bg2 c5 8.dxc5 Qxd1+
9.Nxd1 Nc6 10.Ne3 Bxc5 11.Nxc4 Ke7 12.O-O Rd8 13.b3 Nd5 14.Bb2 f6 15.Rfc1 Bd7
16.Nce5 Bd6 17.Nxc6+ Bxc6 18.Nd4 Bd7 19.Bxd5 exd5 20.Ba3 Bxa3 21.Rxa3 Rdc8
22.Raa1 b6 23.Rxc8 Rxc8 24.Kf1 Kd6 25.Ke1 Kc5 26.Rd1 b5 27.axb5 axb5 28.e3 Ra8
29.Rc1+ Kd6 30.Kd2 b4 31.Rc2 g5 32.Rc1 g4 33.Rc2 h5 34.Rc1 h4 35.gxh4 Rh8
36.Ra1 Rxh4 37.Ra6+ Ke5 38.Ra7 Kd6 39.Ra6+ Ke5 40.Ra7 Kd6  1/2-1/2

[Event "IMB Classic"]
[Site "Gausdal NOR"]
[Date "2004.09.23"]
[Round "1"]
[White "Pedersen,Ch"]
[Black "Berry,N"]
[Result "0-1"]
[WhiteElo "2357"]
[BlackElo "2228"]

1.Nf3 d5 2.d4 Nf6 3.c4 c6 4.Nc3 a6 5.c5 Nbd7 6.Bf4 Nh5 7.e3 Nxf4 8.exf4 b6
9.cxb6 Qxb6 10.Qd2 e6 11.Rc1 c5 12.Na4 Qa7 13.f5 c4 14.fxe6 fxe6 15.b3 Ba3
16.Ra1 Rb8 17.Qe3 Nf6 18.Be2 Bb4+ 19.Kf1 O-O 20.a3 Ba5 21.b4 Bc7 22.Nc3 Ng4
23.Qd2 Bf4 24.Qb2 Be5 25.Rd1 Bf6 26.h3 Nh6 27.g4 Nf7 28.Qd2 Nd6 29.g5 Bd8
30.Ne5 Qc7 31.Kg2 Nf7 32.f4 Nxe5 33.fxe5 Qe7 34.h4 Bd7 35.Rdf1 a5 36.Rxf8+ Qxf8
37.Rf1 Qe7 38.Rb1 axb4 39.axb4 Bb6 40.b5 Ba5 41.Qb2 Qf7 42.Qa3 Bxc3 43.Qxc3 Qf4
44.Kh3 Qf5+  0-1

[Event "Open"]
[Site "Bucharest ROM"]
[Date "2004.09.24"]
[Round "5"]
[White "Rogozenko,D"]
[Black "Murariu,A"]
[Result "0-1"]
[WhiteElo "2518"]
[BlackElo "2381"]

1.d4 d5 2.c4 c6 3.Nf3 Nf6 4.Nc3 a6 5.c5 Nbd7 6.Bf4 Nh5 7.e3 g6 8.Bd3 Bg7
9.O-O O-O 10.Bg5 Nhf6 11.b4 Re8 12.h3 e5 13.dxe5 Nxe5 14.Nxe5 Rxe5 15.Bh4 a5
16.a3 Bf5 17.Be2 Qe8 18.Bxf6 Bxf6 19.Qd2 h5 20.b5 Rd8 21.bxc6 bxc6 22.Bd1 Bxh3
23.gxh3 Rg5+ 24.Kh2 d4 25.exd4 Rxd4 26.Qe2 Qb8+ 27.Kh1 Rh4 28.Qf3 Qc8  0-1

[Event "GM Classic"]
[Site "Gausdal NOR"]
[Date "2004.09.25"]
[Round "3"]
[White "Palo,D"]
[Black "Johannessen,LE"]
[Result "1-0"]
[WhiteElo "2513"]
[BlackElo "2538"]

1.d4 d5 2.c4 c6 3.Nf3 Nf6 4.Nc3 a6 5.c5 Nbd7 6.Bf4 Nh5 7.e3 Nxf4 8.exf4 b6
9.cxb6 Qxb6 10.Qd2 e6 11.Rc1 Rb8 12.Na4 Qb4 13.Qxb4 Bxb4+ 14.Kd1 Nb6 15.Nc5 Bxc5
16.Rxc5 Na4 17.Ra5 Nxb2+ 18.Kc2 f6 19.Be2 Nc4 20.Bxc4 dxc4 21.Rc5 Ke7 22.Nd2 Rd8
23.Kc3 Rb5 24.Nxc4 Rxc5 25.dxc5 Rd5 26.Nb6 Rxc5+ 27.Kd4 Rb5 28.Nxc8+ Kd7
29.Rc1 e5+ 30.Ke3 exf4+ 31.Kxf4 Rb4+ 32.Kg3 Kxc8 33.Rxc6+ Kb7 34.Re6 Rc4
35.h4 Rc6 36.Re8 Kb6 37.Rb8+ Ka7 38.Rh8 h6 39.Rg8 Rc7 40.Kg4 Kb6 41.f4 Kb5  1-0

[Event "Monarch Assurance"]
[Site "Port Erin IOM"]
[Date "2004.09.28"]
[Round "4"]
[White "McPhillips,K"]
[Black "Hagesaether,A"]
[Result "1/2-1/2"]
[WhiteElo "2172"]
[BlackElo "2101"]

1.d4 d5 2.c4 c6 3.Nf3 Nf6 4.Nc3 a6 5.e3 Bg4 6.Qb3 Ra7 7.Ne5 e6 8.Nxg4 Nxg4
9.f3 Nf6 10.cxd5 cxd5 11.Bd3 Nc6 12.Bd2 Bd6 13.O-O O-O 14.Qd1 b5 15.Ne2 e5
16.Rc1 Qb6 17.Kh1 Re8 18.Be1 Rc7 19.Bh4 e4 20.Bb1 exf3 21.Rxf3 Ne4 22.Nc3 Nxc3
23.bxc3 g6 24.Qb3 Be7 25.Bxe7 Nxe7 26.Rcf1 Rf8 27.e4 Qc6 28.a3 Qc4 29.Qxc4 bxc4
30.Rf6 Rb7 31.exd5 Nxd5 32.Be4 Rd8 33.Bxd5 Rxd5 34.Rc6 Rb3 35.Rxc4 Rxa3 36.Rc8+ Kg7
37.Rc7 Kh6 38.g4 Kg5 39.Rfxf7 Kxg4 40.Kg2 h5 41.h3+ Kg5 42.Rc6 Rf5 43.Rxf5+ Kxf5
44.d5 a5 45.d6 Ke6 46.c4 Kd7  1/2-1/2

[Event "Monarch Assurance"]
[Site "Port Erin IOM"]
[Date "2004.09.28"]
[Round "4"]
[White "Horton,Ju"]
[Black "Groffen,H"]
[Result "1/2-1/2"]
[WhiteElo "2091"]
[BlackElo "2244"]

1.d4 d5 2.Nf3 Nf6 3.c4 c6 4.Nc3 a6 5.c5 Nbd7 6.Bf4 Nh5 7.e3 g6 8.Be2 Bg7
9.O-O Nxf4 10.exf4 O-O 11.Re1 Qc7 12.g3 f6 13.f5 gxf5 14.Bd3 e5 15.Bxf5 Re8
16.Nh4 Nf8 17.Na4 Be6 18.Qg4  1/2-1/2

[Event "Monarch Assurance"]
[Site "Port Erin IOM"]
[Date "2004.09.28"]
[Round "4"]
[White "Rowson,J"]
[Black "Houska,Jo"]
[Result "1-0"]
[WhiteElo "2558"]
[BlackElo "2375"]

1.d4 d5 2.c4 c6 3.Nf3 Nf6 4.Nc3 a6 5.c5 Nbd7 6.h3 Qc7 7.Bg5 Ne4 8.Nxe4 dxe4
9.Nd2 h6 10.Bh4 e5 11.e3 exd4 12.exd4 Nf6 13.Bxf6 gxf6 14.Nxe4 Be7 15.Bc4 Bf5
16.Qf3 Bxe4 17.Qxe4 O-O-O 18.O-O Kb8 19.Rad1 h5 20.b4 Rd7 21.d5 cxd5 22.Rxd5 Rxd5
23.Bxd5 h4 24.Re1 Bd8 25.Rd1 Qd7 26.Bb3 Qc7 27.Bd5 Qd7 28.Qc4 Bc7 29.Kf1 Qf5
30.b5 Rd8 31.bxa6 Bg3 32.f3 Re8 33.a7+ Kc7 34.Qb3  1-0